[Event "AUTO-MASTER-2452"]
[Site "http://www.queenalice.com/game.php?id=1418018"]
[Date "2016.4.12"]
[Round "1"]
[White "rubenov"]
[Black "arthurgomes"]
[Result "0-1"]
[WhiteElo "1959"]
[BlackElo "1951"]

1. d4 d5 2. Bg5 g6 3. e3 Nf6 4. Nc3 Nbd7 5. Nf3 Bg7 6. Bd3 c6 7. O-O h6 8. Bh4
Nb6 9. Ne5 Be6 10. h3 g5 11. Bg3 Nc4 12. Bxc4 dxc4 13. Rb1 O-O 14. e4 a6 15. Na4
Nxe4 16. c3 Nxg3 17. fxg3 Bxe5 18. dxe5 Qa5 19. Re1 Rad8 20. Qc2 Rd3 21. g4 Rfd8
22. Re2 R8d5 23. b4 Qd8 24. Nc5 Rd2 25. Rxd2 Rxd2 26. Nxe6 Qd5 0-1

[Event "AUTO-MASTER-2452"]
[Site "http://www.queenalice.com/game.php?id=1418019"]
[Date "2016.4.12"]
[Round "1"]
[White "arthurgomes"]
[Black "jupar"]
[Result "0-1"]
[WhiteElo "1918"]
[BlackElo "1985"]

1. e4 e5 2. Bc4 Nc6 3. Qh5 g6 4. Qf3 Nf6 5. c3 Bg7 6. d3 d6 7. Bg5 O-O 8. h3 h6
9. Bh4 g5 10. Bg3 Be6 11. Bb5 Ne7 12. Qe2 c6 13. Ba4 b5 14. Bc2 a5 15. a3 b4 16.
axb4 axb4 17. Rxa8 Qxa8 18. c4 Qa2 19. b3 Nh5 20. Nf3 Nxg3 21. fxg3 f5 22. O-O
f4 23. g4 Ra8 24. Ne1 Qb2 25. Nd2 Ra1 26. Ndf3 Ng6 27. Qf2 c5 28. Qd2 Bf6 29. g3
Ne7 30. Nh2 Ra2 31. gxf4 exf4 32. Nhf3 Bc3 33. Qe2 Bd4+ 34. Nxd4 Qxd4+ 35. Qf2
Qc3 36. Qe2 Nc6 37. Rf2 Nd4 38. Qd2 Qa1 39. Kg2 Nxb3 40. Qd1 Qxd1 41. Bxd1 Rxf2+
42. Kxf2 Nd4 43. Nf3 Nxf3 44. Kxf3 Kf7 45. Ba4 Kf6 46. Bb3 Ke5 47. Ke2 Kd4 48.
Kd2 f3 49. Bd1 f2 50. Be2 b3 51. Bf1 Bf7 52. Kc1 Kc3 53. Be2 b2+ 54. Kb1 h5 55.
Bf1 hxg4 56. hxg4 Be6 57. Be2 Bxg4 58. Bf1 Bf3 59. Ka2 Kc2 0-1

[Event "AUTO-MASTER-2452"]
[Site "http://www.queenalice.com/game.php?id=1418020"]
[Date "2016.4.12"]
[Round "1"]
[White "jupar"]
[Black "arthurgomes"]
[Result "1-0"]
[WhiteElo "1970"]
[BlackElo "1933"]

1. d4 d5 2. Nf3 Bf5 3. Nc3 Nf6 4. Bf4 a6 5. e3 Ne4 6. Bd3 c6 7. O-O g6 8. Ne2
Bg4 9. Bxe4 dxe4 10. Ne5 Be6 11. h3 Bg7 12. Nc3 Bd5 13. f3 exf3 14. Nxf3 Bc4 15.
Re1 a5 16. b3 Be6 17. e4 O-O 18. Rc1 Na6 19. a3 b5 20. Ne2 h6 21. c3 g5 22. Bg3
Qb6 23. Bf2 Qd8 24. c4 Qc7 25. d5 Rad8 26. Qc2 Bc8 27. Ned4 c5 28. Nc6 b4 29. a4
Bc3 30. Re2 Bb7 31. Rd1 Bxc6 32. dxc6 Qxc6 33. Be1 Bg7 34. Red2 Rxd2 35. Rxd2
Nc7 36. Bg3 Ne6 37. Rd5 Nf4 38. Bxf4 gxf4 39. e5 e6 40. Rd6 Qc7 41. Qd2 Re8 42.
Qxf4 Bf8 43. Qg4+ Kh8 44. Rd3 Bg7 45. Qe4 Rd8 46. Rxd8+ Qxd8 47. Qe3 Qc7 48. Kf2
Kg8 49. g4 Kf8 50. h4 f5 51. gxf5 exf5 52. e6 Ke7 53. h5 Qd6 54. Kg2 f4 55. Qe4
Qxe6 56. Qxf4 Qd6 57. Qe4+ Kf7 58. Qf5+ 1-0

[Event "AUTO-ADV-3621"]
[Site "http://www.queenalice.com/game.php?id=1418053"]
[Date "2016.4.12"]
[Round "1"]
[White "Slaughter"]
[Black "arthurgomes"]
[Result "1-0"]
[WhiteElo "2075"]
[BlackElo "1951"]

1. e4 e5 2. Nf3 d5 3. exd5 e4 4. Qe2 Qxd5 5. Nc3 Qe6 6. Ng5 Qe5 7. d4 Qxd4 8.
Ngxe4 Be7 9. Bg5 Nc6 10. Rd1 Qb4 11. a3 Qa5 12. b4 Qf5 13. Nd5 Qe5 14. f4 Nd4
15. Qd3 Nxc2+ 16. Qxc2 Qxd5 17. Rxd5 Nf6 18. Nxf6+ gxf6 19. Bh6 c6 20. Rd2 Be6
21. Bc4 Rg8 22. Bxe6 fxe6 23. Qxh7 Rxg2 24. Qh8+ 1-0

[Event "AUTO-ADV-3621"]
[Site "http://www.queenalice.com/game.php?id=1418054"]
[Date "2016.4.12"]
[Round "1"]
[White "arthurgomes"]
[Black "Slaughter"]
[Result "0-1"]
[WhiteElo "1971"]
[BlackElo "2176"]

1. e4 c6 2. d4 d5 3. e5 c5 4. Bb5+ Nc6 5. Nf3 Bg4 6. dxc5 e6 7. h3 Bxf3 8. Qxf3
Qa5+ 9. Nc3 a6 10. Bxc6+ bxc6 11. O-O Bxc5 12. Bd2 Qc7 13. Bf4 Ne7 14. Na4 Ba7
15. b3 Ng6 16. Rfe1 O-O 17. Bh2 Bd4 18. c3 Bxe5 19. Bxe5 Nxe5 20. Qg3 f6 21. Nc5
Rfe8 22. Nxe6 Rxe6 23. Rac1 Rae8 24. Kf1 Qe7 25. Red1 Nf7 26. a4 Re2 27. c4 Qe5
28. cxd5 cxd5 29. Qxe5 R2xe5 30. Rc6 Ra8 31. Rdc1 Kf8 32. Rb6 d4 33. Rd1 Rd5 34.
b4 d3 35. b5 axb5 36. Rxb5 Rxb5 37. axb5 Rb8 38. Rxd3 Rxb5 39. g3 Ne5 40. Rd2
Ke7 41. Kg2 Ke6 42. Re2 Kf5 43. Rc2 h5 44. f4 Nd7 45. Rc3 Nc5 46. Kf3 Nb3 47.
g4+ Kg6 48. Kg3 Nd2 49. f5+ Kh6 50. Rd3 Rb3 51. Rxb3 Nxb3 52. Kf4 Nc5 53. h4
hxg4 54. Kxg4 Nd3 55. h5 Ne5+ 56. Kh4 Nf3+ 57. Kg4 Nd4 58. Kf4 Nxf5 59. Kxf5
Kxh5 60. Kf4 Kh4 61. Kf5 g5 62. Kxf6 g4 63. Ke5 g3 0-1

[Event "AUTO-ADV-3621"]
[Site "http://www.queenalice.com/game.php?id=1418069"]
[Date "2016.4.12"]
[Round "1"]
[White "arthurgomes"]
[Black "MarcosT"]
[Result "1-0"]
[WhiteElo "1939"]
[BlackElo "1829"]

1. e4 d6 2. d4 Nf6 3. Nc3 g6 4. d5 c6 5. Be2 Bg7 6. Nf3 O-O 7. O-O cxd5 8. exd5
Re8 9. h3 a6 10. Bg5 b5 11. a3 Bb7 12. Bxf6 Bxf6 13. Rb1 e6 14. dxe6 Rxe6 15.
Nd4 Bxd4 16. Qxd4 Nc6 17. Qd1 Ne5 18. Nd5 Bxd5 19. Qxd5 Qc7 20. Qxa8+ 1-0

[Event "AUTO-ADV-3621"]
[Site "http://www.queenalice.com/game.php?id=1418070"]
[Date "2016.4.12"]
[Round "1"]
[White "MarcosT"]
[Black "arthurgomes"]
[Result "0-1"]
[WhiteElo "1838"]
[BlackElo "1924"]

1. e4 e5 2. Nf3 d5 3. exd5 e4 4. Qe2 Qxd5 5. Nc3 Qe6 6. Qxe4 Nf6 7. Qxe6+ fxe6
8. d3 Bb4 9. Bd2 O-O 10. O-O-O Ng4 11. Re1 Nc6 12. h3 Nxf2 13. Rh2 Bd6 0-1

[Event "AUTO-ADV-3621"]
[Site "http://www.queenalice.com/game.php?id=1418071"]
[Date "2016.4.12"]
[Round "1"]
[White "arthurgomes"]
[Black "mvson33"]
[Result "1/2-1/2"]
[WhiteElo "1942"]
[BlackElo "1989"]

1. e4 c6 2. d4 d5 3. e5 Bf5 4. Bd3 Bxd3 5. Qxd3 e6 6. Nf3 Nd7 7. Bg5 Qc8 8. c4
dxc4 9. Qxc4 Be7 10. Bxe7 Nxe7 11. O-O O-O 12. Nc3 Nd5 13. Nxd5 cxd5 14. Qxc8
Raxc8 15. Rfc1 Nb6 16. b3 Rfd8 17. Nd2 Kf8 18. a4 Ke8 19. a5 Nd7 20. b4 Nf8 21.
h4 Ng6 22. g3 Ne7 23. b5 Nf5 24. Nb3 b6 25. axb6 axb6 26. Rc6 Rxc6 27. bxc6 Rc8
28. Ra7 Rxc6 29. Rb7 Rc4 30. Rb8+ Kd7 31. Rxb6 Nxd4 32. Rd6+ Kc7 33. Nd2 Rc6 34.
Rxc6+ Nxc6 35. f4 Nd4 36. Kf2 Nf5 37. Kf3 Kc6 38. h5 Kb5 39. g4 Ne7 40. Ke3 Kb4
41. Nf3 h6 42. Nd4 Kc4 43. Nc2 Ng8 44. Nd4 Ne7 45. f5 exf5 46. gxf5 Kc3 47. f6
gxf6 48. exf6 Ng8 49. Nf5 Nxf6 50. Nxh6 Nxh5 51. Nxf7 d4+ 52. Ke2 Nf4+ 53. Kd1
Nd3 54. Nd6 Nb2+ 55. Kc1 Nd3+ 56. Kd1 Nf2+ 57. Ke2 d3+ 58. Kxf2 Kc2 59. Nc4 Kc3
60. Ne3 Kd4 61. Nd1 Ke4 62. Ke1 d2+ 63. Ke2 Kd4 64. Kxd2 Ke4 65. Nb2 Kd4 66. Na4
Ke4 67. Nc5+ Kd5 68. Nb3 Ke5 69. Ke3 Kd5 70. Nd4 Ke5 71. Nf3+ Kd5 72. Kd3 Kc5
73. Ke4 Kc4 74. Ne5+ Kc5 75. Nf7 Kc4 76. Nd6+ Kc5 77. Ke5 Kb4 78. Kd4 Kb3 79.
Nb5 Kb4 80. Nc3 Kb3 81. Nd5 Kc2 82. Ke3 Kb3 83. Kd3 Kb2 84. Kc4 Kc2 1/2-1/2

[Event "AUTO-ADV-3621"]
[Site "http://www.queenalice.com/game.php?id=1418072"]
[Date "2016.4.12"]
[Round "1"]
[White "mvson33"]
[Black "arthurgomes"]
[Result "1-0"]
[WhiteElo "1973"]
[BlackElo "1982"]

1. Nf3 d5 2. d4 Bf5 3. Bf4 Nc6 4. c3 Nf6 5. h3 h6 6. e3 a6 7. Bd3 Ne4 8. O-O g5
9. Bh2 Bg6 10. Bc2 Bg7 11. Nbd2 e6 12. Qb1 Nxd2 13. Nxd2 Bxc2 14. Qxc2 Qe7 15.
Rfe1 f5 16. Rac1 Na5 17. a3 O-O 18. c4 c6 19. cxd5 exd5 20. Qc3 b6 21. b4 Nc4
22. Nxc4 dxc4 23. Qxc4+ Kh8 24. Qxc6 a5 25. Bd6 Qe4 26. Qxe4 fxe4 27. Bxf8 Rxf8
28. Rc7 axb4 29. axb4 Ra8 30. Rec1 Ra4 31. Rf7 Ra8 32. Rcc7 Rg8 33. Rb7 Kh7 34.
Rxb6 g4 35. hxg4 1-0

[Event "AUTO-ADV-3506"]
[Site "http://www.queenalice.com/game.php?id=1424099"]
[Date "2016.5.21"]
[Round "3"]
[White "chess3480"]
[Black "arthurgomes"]
[Result "1-0"]
[WhiteElo "2484"]
[BlackElo "1905"]

1. b3 e5 2. Bb2 e4 3. Nc3 Nf6 4. e3 Be7 5. d3 exd3 6. Bxd3 O-O 7. Nf3 d5 8. O-O
c6 9. e4 dxe4 10. Nxe4 Nxe4 11. Bxe4 Qxd1 12. Raxd1 Na6 13. Rfe1 Be6 14. c4 Bb4
15. Rf1 Nc5 16. Bb1 Nd7 17. Bxh7+ Kh8 18. Ng5 Nf6 19. Nxe6 fxe6 20. Bg6 Bc5 21.
Rd3 Rad8 22. Rfd1 Rxd3 23. Rxd3 e5 24. Bxe5 Ng4 25. Bd4 Bxd4 26. Rxd4 Nf6 27. f3
c5 28. Rd3 b6 29. g4 Nh7 30. Kg2 Rf6 31. Rd8+ Nf8 32. Be4 g5 33. Kg3 Kg7 34. h4
gxh4+ 35. Kxh4 Ng6+ 36. Bxg6 Kxg6 37. Kg3 Rf7 38. Rd6+ Kg7 39. f4 1-0

[Event "AUTO-ADV-3506"]
[Site "http://www.queenalice.com/game.php?id=1424100"]
[Date "2016.5.21"]
[Round "3"]
[White "arthurgomes"]
[Black "chess3480"]
[Result "0-1"]
[WhiteElo "1935"]
[BlackElo "2452"]

1. e4 c6 2. d4 d5 3. e5 Bf5 4. Bd3 Bxd3 5. Qxd3 e6 6. Nf3 Qa5+ 7. Nc3 Qa6 8. Qe3
Nd7 9. b3 Bb4 10. Bb2 Ne7 11. a3 Ba5 12. b4 Bb6 13. Ne2 O-O 14. O-O Qc4 15. c3
Nf5 16. Qd2 a5 17. Rfc1 Bd8 18. g4 Nh4 19. Nxh4 Bxh4 20. f4 f6 21. Kg2 fxe5 22.
Kh3 Be7 23. Kg3 exf4+ 24. Kf3 e5 25. Kf2 e4 26. Kg1 e3 27. Qc2 Bh4 28. Rd1 f3
29. Ng3 Bxg3 30. hxg3 f2+ 31. Kg2 e2 32. Rf1 exf1=Q+ 33. Rxf1 Rae8 34. Rxf2
Rxf2+ 35. Kxf2 Rf8+ 36. Ke3 Qf1 37. Qc1 Re8+ 0-1

[Event "OS INCLIVEIS"]
[Site "http://www.queenalice.com/game.php?id=1427313"]
[Date "2016.6.12"]
[Round "-"]
[White "adelio"]
[Black "arthurgomes"]
[Result "0-1"]
[WhiteElo "1635"]
[BlackElo "1879"]

1. d4 d5 2. e4 dxe4 3. Nc3 f5 4. h4 Nf6 5. Be2 Nd5 6. h5 Nxc3 7. bxc3 a6 8. Nh3
Nc6 9. Ng5 h6 10. Nf7 Kxf7 11. f3 e6 12. fxe4 Be7 13. exf5 exf5 14. g3 Bd6 15.
Bf4 Re8 16. O-O Bxf4 17. gxf4 Qh4 18. Bc4+ Kf6 19. Rf2 Qg3+ 20. Rg2 Qe3+ 21. Rf2
Qxc3 22. Qd3 Qxa1+ 23. Kh2 Qxd4 24. Qxd4+ Nxd4 25. c3 Nc6 26. Kh3 Re3+ 27. Kh4
Rxc3 28. Bb3 Nd4 29. Bd5 c6 30. Bh1 Be6 31. Rg2 Nf3+ 32. Kg3 Ne1+ 33. Kf2 Nxg2
34. Kxg2 Bd5+ 35. Kh2 Rc2+ 36. Kg1 Rxa2 37. Bxd5 cxd5 38. Kf1 Rc8 39. Ke1 Rc1#
0-1

[Event "OS INCLIVES"]
[Site "http://www.queenalice.com/game.php?id=1427314"]
[Date "2016.6.12"]
[Round "-"]
[White "arthurgomes"]
[Black "adelio"]
[Result "1-0"]
[WhiteElo "1865"]
[BlackElo "1699"]

1. e4 a6 2. d4 c5 3. d5 e5 4. Nf3 d6 5. c4 Be7 6. Bd3 h5 7. h4 Bg4 8. Nbd2 g5 9.
hxg5 Bxg5 10. Qb3 Bxd2+ 11. Nxd2 b6 12. f3 Bd7 13. Nf1 h4 14. Be3 b5 15. cxb5
axb5 16. Qc2 h3 17. g4 Qh4+ 18. Bf2 Qf6 19. Nh2 Nh6 20. Bg3 Na6 21. Qd2 Nb4 22.
Bb1 Rg8 23. a3 Nxg4 24. fxg4 Bxg4 25. Rf1 Qg5 26. Qxg5 Rxg5 27. Nxg4 Rxg4 28.
Rf3 c4 29. Kf2 Nd3+ 30. Bxd3 cxd3 31. Rxd3 O-O-O 32. Rc1+ Kb7 33. Rh1 Rh8 34.
Re3 Kb6 35. Kf3 Rg6 36. Rh2 Rf6+ 37. Ke2 Kc5 38. Rf3 Rxf3 39. Kxf3 Rh5 40. Bf2+
Kc4 41. Kg4 Rh6 42. Kg5 Rg6+ 43. Kf5 Rh6 44. Be1 Kd3 45. b3 Rh5+ 46. Kg4 Rh8 47.
Rxh3+ Rxh3 48. Kxh3 Kxe4 49. a4 bxa4 50. bxa4 Kxd5 51. a5 Kc6 52. Kg4 Kb7 53.
Kf5 Kc6 54. Ke4 Kc5 55. Bb4+ Kxb4 56. a6 Kc4 57. a7 d5+ 58. Kxe5 d4 59. a8=Q d3
60. Qc6+ Kb3 61. Qc1 Kb4 62. Kf6 Kb3 63. Kxf7 Kb4 64. Ke6 Kb3 65. Kd5 Ka2 66.
Kc4 d2 67. Qc2+ Ka1 68. Qxd2 Kb1 69. Kb3 Ka1 70. Qb2# 1-0

[Event "AUTO-ADV-3818"]
[Site "http://www.queenalice.com/game.php?id=1474103"]
[Date "2017.4.18"]
[Round "1"]
[White "magrella"]
[Black "arthurgomes"]
[Result "1-0"]
[WhiteElo "2094"]
[BlackElo "1793"]

1. c4 e5 2. e4 g6 3. Nf3 Bg7 4. d4 d6 5. d5 Ne7 6. Nc3 O-O 7. Be2 c5 8. h3 a6 9.
Qb3 Nd7 10. O-O f5 11. Bg5 f4 12. g3 h6 13. Bxe7 Qxe7 14. Kh2 g5 15. Rg1 Rb8 16.
Rg2 Nf6 17. Rag1 Qd7 18. g4 Ne8 19. Kh1 Nc7 20. h4 1-0

[Event "AUTO-ADV-3818"]
[Site "http://www.queenalice.com/game.php?id=1474104"]
[Date "2017.4.18"]
[Round "1"]
[White "arthurgomes"]
[Black "magrella"]
[Result "0-1"]
[WhiteElo "1789"]
[BlackElo "2098"]

1. e4 e5 2. Nf3 Nf6 3. Nc3 Bb4 4. d3 Nc6 5. Be2 h6 6. Bd2 O-O 7. a3 Ba5 8. b4
Bb6 9. O-O d6 10. Nd5 Nxd5 11. exd5 Ne7 12. c4 a6 13. h3 c5 14. Bc3 Bd7 15. Nd2
Qc8 16. Ne4 Qc7 17. f3 cxb4+ 18. c5 Bxc5+ 0-1

[Event "AUTO-ADV-3818"]
[Site "http://www.queenalice.com/game.php?id=1474123"]
[Date "2017.4.18"]
[Round "1"]
[White "arthurgomes"]
[Black "Bategoll"]
[Result "0-1"]
[WhiteElo "1764"]
[BlackElo "1784"]

1. e4 e5 2. Nf3 Nc6 3. Nc3 Nf6 4. g3 d6 5. Bg2 Be7 6. d3 Bg4 7. h3 Bh5 8. g4 Bg6
9. Nh4 Nd4 10. Nxg6 hxg6 11. f3 c6 12. Be3 c5 13. Nd5 Nxd5 14. exd5 Qa5+ 15. c3
Nb5 16. O-O O-O-O 17. a4 Nc7 18. c4 Na8 19. Bd2 Qc7 20. b4 g5 0-1

[Event "AUTO-ADV-3818"]
[Site "http://www.queenalice.com/game.php?id=1474124"]
[Date "2017.4.18"]
[Round "1"]
[White "Bategoll"]
[Black "arthurgomes"]
[Result "1-0"]
[WhiteElo "1767"]
[BlackElo "1781"]

1. e4 e5 2. Nf3 Nc6 3. Bc4 Be7 4. c3 Nf6 5. O-O O-O 6. d3 d5 7. exd5 Na5 8. Nxe5
Nxc4 9. dxc4 Bd6 10. Nf3 Bg4 11. Be3 b6 12. Nbd2 Bc5 13. Bxc5 bxc5 14. Qc2 g6
15. Ne5 Bf5 16. Qc1 Qd6 17. Ndf3 a5 18. Re1 Ng4 19. Qf4 Nxe5 20. Nxe5 f6 21. Qg3
fxe5 22. Rxe5 1-0

[Event "AUTO-OPEN-3791"]
[Site "http://www.queenalice.com/game.php?id=1474262"]
[Date "2017.4.20"]
[Round "1"]
[White "arthurgomes"]
[Black "goldenboy"]
[Result "0-1"]
[WhiteElo "1783"]
[BlackElo "2275"]

1. e4 e5 2. Nf3 Nc6 3. g3 Bc5 4. c3 Nf6 5. b4 Bb6 6. d3 Ng4 7. d4 exd4 8. Nxd4
Nxf2 9. Kxf2 Qf6+ 10. Kg2 Nxd4 11. cxd4 Bxd4 12. Qf3 Qxf3+ 13. Kxf3 Bxa1 14. Bc4
O-O 15. Ba3 d6 16. Nd2 Be5 17. Rf1 Be6 18. Rc1 c6 19. Bb3 Bxb3 20. axb3 a5 21.
bxa5 Rxa5 0-1

[Event "AUTO-OPEN-3791"]
[Site "http://www.queenalice.com/game.php?id=1474263"]
[Date "2017.4.20"]
[Round "1"]
[White "goldenboy"]
[Black "arthurgomes"]
[Result "1-0"]
[WhiteElo "2250"]
[BlackElo "1785"]

1. e4 e5 2. f4 exf4 3. Nf3 Be7 4. Bc4 d6 5. d4 Nf6 6. Nc3 Bg4 7. Bxf4 O-O 8. O-O
Nc6 9. e5 dxe5 10. dxe5 Qxd1 11. Raxd1 Nh5 12. Nd5 Bd8 13. g3 Nxf4 14. gxf4 a6
15. a3 b5 16. Ba2 Ne7 17. Kg2 c6 18. Nxe7+ Bxe7 19. h3 Bf5 20. Nd4 1-0